000 00629nam a2200217 a 4500
001 45018
003 BD-RjUL
005 20211209053941.0
008 160721b xxua|||| |||| 001 0 eng d
035 _a(BD-RjUL)45136
040 _aBD-RjUL
_beng
_cBD-RjUL
_dBD-RjUL
041 _aeng
082 _223
_a338.409421
_bMAG 1966
100 1 _aMartin, J. E.
_9137941
245 1 0 _aGreater London :
_ban industrial geography /
_cJ. E. Martin
260 _aLondon :
_bG. Bell and sons,
_cc1966
300 _a292 p. :
_bill. ;
_c22 cm.
500 _aIncludes index.
650 _aIndustries
_zEngland -- London
_9137942
942 _2ddc
_cBK
999 _c45018
_d45018